Responses for Show #6300 - Friday, January 27, 2012

Contestants

[<< previous game]

Bruce Vale, a business news writer originally from Newark, Delaware

Emily Kelly, a university librarian from Somerville, Massachusetts

Brendan Graham, a soldier and a physician from San Antonio, Texas (whose 1-day cash winnings total $26,401)

[next game >>]

Jeopardy! Round responses

VISITING THE CITY
PANTS
CHILD ACTORS
STUPID ANSWERS
LESSER-KNOWN SCIENTISTS
THE TRUTH LIES THEREIN
(Alex: The correct response will be made up of letters in the word "therein".)
    $200 1
Miami

Brendan
    $200 26
(Alex: Yes, with less than a minute to go.)

cargo pants

Bruce
    $200 7
Elliott

Emily
    $200 6
(Brendan: What is West Street?)
(Emily: What is West Side...)
(Alex: No.)
(Emily: Oh, no, it's not.)

Central Park West

BrendanEmilyBruce
    $200 12
photosynthesis

Brendan
    $200 17
(Alex: For helium)

He

Emily
    $400 2
Toronto

Emily
    $400 27
luau pants

Emily
    $400 8
The Brady Bunch

Bruce
    $400 10
the Capitol

Bruce
    $400 13
aluminum

Bruce
    $400 18
here

Emily
    $600 3
Salzburg

Emily
    $600 28
(Bruce: What are balloon pants?)
(Brendan: What are bell-bottoms?)

plus fours

BrendanBruce
Triple Stumper
    $600 9
Kristen Stewart

Bruce
    $600 11
(the letter) M

Brendan
    $600 14
a compass

Brendan
    $600 19
There

Emily
    $800 4
Sydney

Emily
    $1,400 30
(Emily: What are jodhpurs?)

toreador pants

Emily
    $800 22
Jaden Smith

Bruce
    $800 24
"America The Beautiful"

Emily
    $800 15
(Brendan: What is the Système International?)

the metric system

Brendan
Triple Stumper
    $800 20
(Emily: What is... no.)

rein

EmilyBruce
    $1000 5
(Bruce: What is Madrid?)
(Emily: What is Barcelona?)

Seville

EmilyBruce
Triple Stumper
    $1000 29
Pakistan

Emily
    $1000 23
W.C. Fields

Bruce
    $1000 25
the Mosquito Coast

Bruce
    $1000 16
(Emily: What is...)
[Brendan gave both listed responses.]

digitalis (or digoxin)

BrendanEmily
    $1000 21
(Emily: What is herein?)

ere

EmilyBruce

Scores at the first commercial break (after clue 15):

Brendan Emily Bruce
$600 $800 $1,000

Scores at the end of the Jeopardy! Round:

Brendan Emily Bruce
$1,000 $0 $5,200

Double Jeopardy! Round responses

1940s AMERICAN LIT
THE TIME OF HIS LIFE
VARIE-TEAS
FIRST IN WAR
FIRST IN "P"s
LAST IN THE NATIONAL LEAGUE
    $400 11
Edgar Rice Burroughs

Bruce
    $400 12
Nathan Hale

Brendan
    $400 1
(Bruce: What is English [*]?)
(Alex: Yeah, we'll accept that.)
(Bruce: [*].)

breakfast

Bruce
    $400 19
the Monitor & the Merrimack

Bruce
    $400 2
a parrot

Emily
    $400 14
the Amazin' Mets

Brendan
    $5,400 25
All the King's Men

Emily
    $800 13
(Emily: Who is... Bismarck?)
(Bruce: Who is, uh, Kaiser Wilhelm?)
...
(Alex: Yes, I said "remember the II" there.)

Wilhelm II

BrendanEmilyBruce
    $800 3
chai

Brendan
    $800 20
the Crusades

Brendan
    $800 4
(Bruce: What is raquetball?)

paddleball

Bruce
Triple Stumper
    $800 15
(Bruce: Who are the Florida Marlins?)

the (Washington) Nationals

EmilyBruce
    $1200 26
Thurber

Emily
    $1200 22
Pancho Villa

Brendan
    $1200 8
chamomile tea

Emily
    $1200 21
cavalry

Emily
    $1200 5
"The Pathfinder"

Brendan
    $1200 16
the Chicago Cubs

Bruce
    $1600 27
The Ox-Bow Incident

Bruce
    $1600 23
Rasputin

Bruce
    $1600 9
bergamot

Emily
    $1600 28
(Alex: That's it, with less than a minute to go.)

tanks

Emily
    $1600 6
a placenta

Brendan
    $1600 17
the San Francisco Giants

Brendan
    $2000 29
The Robe

Triple Stumper
    $2000 24
(Gregor) Mendel

Emily
    $2000 10
Darjeeling

Triple Stumper
    $2,799 30
(Emily: Who are... the... who are the SS?)

paratroopers

Emily
    $2000 7
a pianoforte

Emily
    $2000 18
(Emily: Who are the Pirates?)

the Philadelphia Phillies

BrendanEmily

Scores at the end of the Double Jeopardy! Round:

Brendan Emily Bruce
$11,800 $11,801 $8,400

[wagering suggestions for these scores]

Final Jeopardy! Round responses

WORD & PHRASE ORIGINS
BruceWhat is a rice economy?
$3,402
BrendanWhat is a banana republi republic?
$8,401
EmilyWhat is coffee state
$11,000
a banana republic

Final scores:

Brendan Emily Bruce
$20,201 $801 $4,998
2-day champion: $46,602 3rd place: $1,000 2nd place: $2,000

Game dynamics:

Coryat scores:

Brendan Emily Bruce
$11,800 $11,400 $8,400
15 R,
3 W
20 R
(including 1 DD),
9 W
(including 2 DDs)
17 R,
5 W

Combined Coryat: $31,600

[game clues] [game scores] [suggest correction]

Game tape date: 2011-11-15
The J! Archive is created by fans, for fans. Scraping, republication, monetization, and malicious use prohibited; this site may use cookies and collect identifying information. See terms. The Jeopardy! game show and all elements thereof, including but not limited to copyright and trademark thereto, are the property of Jeopardy Productions, Inc. and are protected under law. This website is not affiliated with, sponsored by, or operated by Jeopardy Productions, Inc. Join the discussion at JBoard.tv.